Statistics for Name the Oceans

Click here to take the quiz!

General Stats

  • This quiz has been taken 36 times
  • The average score is 5 of 5

Answer Stats

Ocean% Correct
Pacific Ocean
100%
Indian Ocean
97%
Atlantic Ocean
94%
Arctic Ocean
84%
Southern Ocean
81%

Score Distribution

Percentile by Number Answered

Percent of People with Each Score

Your Score History

You have not taken this quiz